CORRECT YOUR ENGLISH (Record no. 578704)
[ view plain ]
| 000 -LEADER | |
|---|---|
| fixed length control field | 00214nam a22000977a 4500 |
| 082 ## - DEWEY DECIMAL CLASSIFICATION NUMBER | |
| Classification number | 425 COR'R |
| 245 ## - TITLE STATEMENT | |
| Title | CORRECT YOUR ENGLISH |
| 250 ## - EDITION STATEMENT | |
| Edition statement | 4TH |
| 260 ## - PUBLICATION, DISTRIBUTION, ETC. | |
| Place of publication, distribution, etc. | RAWALPINDI |
| Name of publisher, distributor, etc. | ARMY EDUCATION PRESS |
| Date of publication, distribution, etc. | 1986 |
| 942 ## - ADDED ENTRY ELEMENTS (KOHA) | |
| Koha item type | Book |
| Withdrawn status | Lost status | Damaged status | Not for loan | Permanent Location | Current Location | Shelving location | Date acquired | Total Checkouts | Full call number | Barcode | Date last seen | Price effective from | Koha item type |
|---|---|---|---|---|---|---|---|---|---|---|---|---|---|
| College of Electrical & Mechanical Engineering (CEME) | College of Electrical & Mechanical Engineering (CEME) | General Stacks | 04/18/2017 | 425 COR'R | CEME-20313 | 06/28/2021 | 06/28/2021 | Book |
